UG's Top Artists - Statistics

General Stats
  • This quiz has been taken 139 times
    27 since last reset
  • The average score is 21 of 65
Answer Stats
Plays Artist Top Album Favorite Song % Correct
687 Coldplay Viva la Vida or Death & All His Friends Viva La Vida
96%
621 U2 Achtung Baby Sunday Bloody Sunday
91%
1,130 Chris Isaak Chris Isaak Wicked Game
87%
5,769 Elvis Presley From Elvis in Memphis Suspicious Minds
87%
289 George Michael Older (Incl. Wham) Careless Whisper
87%
2,283 Fleetwood Mac Rumours Go Your Own Way
83%
492 Paul Simon Graceland Diamond on the Soles of Her Shoes
83%
446 Simon & Garfunkel Bridge Over Troubled Water Bridge Over Troubled Water
83%
155 The Police Zenyatta Mondatta Don't Stand So Close To Me
83%
217 The Rolling Stones Let It Bleed (I Can't Get No) Satisfaction
83%
949 Eric Clapton Slowhand Tears In Heaven
78%
348 Sade Diamond Life Smooth Operator
78%
173 The Doors The Doors Break on Through
74%
151 Tracy Chapman Tracy Chapman Fast Car
74%
449 Leonard Cohen I'm Your Man Hallelujah
70%
614 Radiohead The Bends Paranoid Android
70%
292 Tom Petty & the Heartbreakers Damn The Torpedoes (Incl. Tom Petty) Don't Do Me Like That
65%
179 Van Halen 1984 Runnin' With the Devil
65%
241 Steely Dan Can't Buy a Thrill Kid Charlamagne
61%
186 Steve Miller Band Book of Dreams Jungle Love
57%
336 Steve Winwood Back In The High Life Back in the High Life Again
57%
169 Jimi Hendrix Electric Ladyland Hey Joe
39%
166 Jeff Buckley Grace Grace
35%
257 Bruce Springsteen Born To Run Blinded By The Light
26%
162 The Smiths The Queen is Dead Heaven Knows I'm Miserable Now
26%
240 Tim Buckley Happy Sad Pleasant Street
26%
672 Billy Joel Piano Man Captain Jack
22%
154 Daft Punk Discovery Around the World
22%
152 Glen Campbell Gentle on My Mind Gentle on My Mind
22%
583 Johnny Cash American IV: The Man Comes Around The Man Comes Around
22%
224 Bob Dylan Blood on the Tracks Simple Twist of Fate
17%
356 David Bowie Station to Station Station to Station
17%
421 The Velvet Underground The Velvet Underground & Nico Venus in Furs
17%
371 Lou Reed Transformer Perfect Day
13%
264 Muse Origin of Symmetry Plug In Baby
13%
603 Neil Diamond Just For You Solitary Man
13%
862 Talking Heads Speaking in Tongues Life During Wartime
13%
150 Cream Disraeli Gears Dance the Night Away
9%
537 Depeche Mode Music For The Masses In Your Room
9%
187 Joy Division Unknown Pleasures She's Lost Control
9%
238 LCD Soundsystem Sound of Silver Losing My Edge
9%
387 Lindsey Buckingham Out of the Cradle Surrender the Rain
9%
203 New Order Low-Life The Perfect Kiss
9%
1,581 Nick Cave & the Bad Seeds Abattoir Blues / Lyre of Orpheus Do You Love Me?
9%
153 The Rapture Echoes House of Jealous Lovers
9%
229 The Strokes Is This It The Modern Age
9%
429 Tom Waits Bone Machine Goin' Out West
9%
153 Beck Sea Change Sunday Sun
4%
338 Gang of Four Entertainment! What We All Want
4%
151 Interpol Turn On The Bright Lights NYC
4%
338 Jackson Browne Running on Empty Fountain of Sorrow
4%
285 John Cale Fear I Keep A Close Watch
4%
654 John Mayer Continuum Belief
4%
719 Maroon 5 Songs About Jane Harder to Breathe
4%
1,600 Matchbox Twenty Mad Season Bright Lights
4%
175 Orchestral Manoeuvres in the Dark Dazzle Ships Telegraph
4%
372 Prefab Sprout Jordan: The Comeback Bonny
4%
478 Randy Newman Sail Away Rednecks
4%
844 Rob Thomas Something to Be Her Diamonds
4%
916 Roxy Music Avalon Both Ends Burning
4%
434 The Beautiful South Welcome to the Beautiful South Hold On To What?
4%
185 The Blue Nile Hats The Downtown Lights
4%
273 The Housemartins London 0 Hull 4 Flag Day
4%
884 Van Morrison Moondance Wild Night
4%
210 XTC Black Sea Complicated Game
4%
No matching quizzes found
Score Distribution
Percent of People with Each Score
Percentile by Number Answered
Your Score History
You have not taken this quiz since the last reset